01988cam a22004094i 4500003000900000005001700009008004100026020001500067020001800082035002000100040003300120082002000153100002600173245009500199264004900294300004400343336002100387337002500408338002300433504003400456505084900490526001001339526001001349526001001359526001001369526000801379526000801387526000801395526000801403526000801411526000801419526000801427650004401435650003701479650003201516700003001548PE-LiUPU20250731173107.0181210s2018 tnu r 001 0 eng d a1462748422 a9781462748426 a(Sirsi) a250966 aPE-LiUPUbspacPE-LiUPUerda04a261.27bF842231 aFries, Micah,eautor.10aIslam and North America :bloving our Muslim neighbors /cMicah Fries and Keith Whitfield. 1aNashville, TN :bBroadman & Holman,c[2018]. axxiii,184 páginas ;c22 centímetros atext2rdacontent aunmediated2rdamedia avolume2rdacarrier aÍndice : páginas 178-184. aOverview of islam in North America -- Islam, North America, and the New Multi faith reality: how now shall we live? -- Overview of global islam and demographics of islam in North America -- Questions peoplo ask -- What do christians and muslims have in common? -- Should we defend freedom of worship for other religions? -- Do christians and muslims worship the same God? -- What does the Quran say about fighting non muslims? -- Do muslims want to overtake America's pilitical structure and institute Sharia Law? -- Great commission apportunities -- Discovering the missional opportunity -- Getting to know your muslim neighbor -- The challenges muslims face in North America -- Muslims and the great commission: the importance of community -- Sharing the Gospel with a muslim -- A biblical theological framework for understanding immigration. aSEG42 aSEG41 aSEG40 aSEG39 aP94 aP87 aP86 aP85 aP77 aP76 aP3504aCristianidad y otras religionesxIslam.04aIslamxRelacionesxCristianismo.04aIslamxAmérica del Norte.1 aWhitfield, Keith,eautor.